| 000 | 01266cam a22002054a 4500 | ||
|---|---|---|---|
| 005 | 20250605163937.0 | ||
| 008 | 250528s ||||||||||||||||||||||||d | ||
| 035 | _a14898 | ||
| 020 | _a701208988 | ||
| 040 |
_aGR-AtMCL _bgre _dGR-AtMCL _eAACR2 |
||
| 245 | 1 | _aThe Long Revolution | |
| 260 |
_bThe Hogarth Press, _c1992 |
||
| 300 | _a370 | ||
| 505 | 0 | _aForeword, Introduction, The Creative Mind, The Analysis of Culture, Individuals and Societies, Images of Scieties, Education and British Society, The Growth of the Reading Public, The Growth of the Popular Press, The Growth of ''Standard English'', The Social History of English Writers, The Social History of Dramatic Forms, Realism and the Contemporary Novel, Britain in the 1960s, Book List, Index. | |
| 520 | _aForeword, Introduction, The Creative Mind, The Analysis of Culture, Individuals and Societies, Images of Scieties, Education and British Society, The Growth of the Reading Public, The Growth of the Popular Press, The Growth of ''Standard English'', The Social History of English Writers, The Social History of Dramatic Forms, Realism and the Contemporary Novel, Britain in the 1960s, Book List, Index. | ||
| 700 | 1 |
_aWilliams Raymond _9642 |
|
| 942 | _cBK | ||
| 999 |
_c509 _d509 |
||